[Event "Deutsche Blitz-Einzelmeisterschaft der Frauen 2021"]
[Site "Magdeburg"]
[Date "2021.08.01"]
[Round "7"]
[Board "6"]
[White "Albayrak, Berrak"]
[Black "Brunner, Sophia"]
[Result "1/2-1/2"]
[WhiteElo "1491"]
[BlackElo "1741"]
[PlyCount "0"]
[EventDate "2021.08.01"]
[EventRounds "21"]
[EventCountry "GER"]

1. e4 {[%clk 0:03:03]} d5 {[%clk 0:03:04]} 2. exd5 {[%clk 0:03:03]} Qxd5 {[%clk
0:03:05]} 3. Nc3 {[%clk 0:03:03]} Qa5 {[%clk 0:03:05]} 4. d4 {[%clk 0:03:05]} Nf6
{[%clk 0:03:08]} 5. Nf3 {[%clk 0:03:01]} Bf5 {[%clk 0:03:08]} 6. Bd3 {[%clk
0:02:31]} Bxd3 {[%clk 0:03:08]} 7. Qxd3 {[%clk 0:02:32]} c6 {[%clk 0:03:09]} 8.
O-O {[%clk 0:02:31]} e6 {[%clk 0:03:11]} 9. Bf4 {[%clk 0:02:24]} Be7 {[%clk
0:03:05]} 10. Rfe1 {[%clk 0:02:15]} O-O {[%clk 0:03:04]} 11. Ne4 {[%clk 0:01:58]}
Nbd7 {[%clk 0:02:53]} 12. Ne5 {[%clk 0:01:18]} Nxe5 {[%clk 0:02:41]} 13. Bxe5
{[%clk 0:01:06]} Nxe4 {[%clk 0:02:35]} 14. Qxe4 {[%clk 0:01:03]} Qd5 {[%clk
0:02:34]} 15. c3 {[%clk 0:00:59]} Qxe4 {[%clk 0:02:27]} 16. Rxe4 {[%clk 0:01:00]}
Rad8 {[%clk 0:02:20]} 17. h3 {[%clk 0:00:59]} Rd7 {[%clk 0:02:21]} 18. Rae1
{[%clk 0:01:00]} Rfd8 {[%clk 0:02:11]} 19. Rg4 {[%clk 0:00:52]} g6 {[%clk
0:02:12]} 20. Re3 {[%clk 0:00:29]} c5 {[%clk 0:02:03]} 21. Rf3 {[%clk 0:00:26]}
f5 {[%clk 0:01:52]} 22. Rgg3 {[%clk 0:00:17]} Bh4 {[%clk 0:01:37]} 23. Re3 {[%clk
0:00:11]} Bxg3 {[%clk 0:01:35]} 24. Bxg3 {[%clk 0:00:11]} cxd4 {[%clk 0:01:37]}
25. cxd4 {[%clk 0:00:11]} Kf7 {[%clk 0:01:35]} 26. Be5 {[%clk 0:00:09]} Rc8
{[%clk 0:01:34]} 27. Re2 {[%clk 0:00:05]} Rc1+ {[%clk 0:01:32]} 28. Kh2 {[%clk
0:00:07]} Ra1 {[%clk 0:01:31]} 29. a3 {[%clk 0:00:07]} Rc1 {[%clk 0:01:24]} 30.
Rd2 {[%clk 0:00:06]} Rd5 {[%clk 0:01:29]} 31. g4 {[%clk 0:00:06]} Re1 {[%clk
0:01:18]} 32. Rc2 {[%clk 0:00:05]} Rd7 {[%clk 0:01:11]} 33. Rc3 {[%clk 0:00:05]}
Re2 {[%clk 0:01:11]} 34. Kg3 {[%clk 0:00:03]} Rxb2 {[%clk 0:01:10]} 35. gxf5
{[%clk 0:00:04]} gxf5 {[%clk 0:01:08]} 36. Kh4 {[%clk 0:00:03]} Rxf2 {[%clk
0:01:07]} 37. Rg3 {[%clk 0:00:05]} f4 {[%clk 0:01:05]} 38. Rg7+ {[%clk 0:00:06]}
Ke8 {[%clk 0:01:04]} 39. Rg8+ {[%clk 0:00:07]} Ke7 {[%clk 0:01:02]} 40. Rg7+
{[%clk 0:00:08]} Ke8 {[%clk 0:00:39]} 41. Rg8+ {[%clk 0:00:09]} Ke7 {[%clk
0:00:21]} 42. Rg7+ {[%clk 0:00:11]}  1/2-1/2

[Event "Deutsche Blitz-Einzelmeisterschaft der Frauen 2021"]
[Site "Magdeburg"]
[Date "2021.08.01"]
[Round "7"]
[Board "7"]
[White "Muetsch, Annmarie"]
[Black "Moenster, Madita"]
[Result "1-0"]
[WhiteElo "2294"]
[BlackElo "1889"]
[PlyCount "0"]
[EventDate "2021.08.01"]
[EventRounds "21"]
[EventCountry "GER"]

1. e4 {[%clk 0:03:02]} c5 {[%clk 0:03:03]} 2. Nc3 {[%clk 0:03:03]} a6 {[%clk
0:03:04]} 3. d3 {[%clk 0:03:01]} b5 {[%clk 0:03:03]} 4. g3 {[%clk 0:03:00]} Bb7
{[%clk 0:03:04]} 5. Bg2 {[%clk 0:03:01]} e6 {[%clk 0:03:05]} 6. Nh3 {[%clk
0:02:59]} d5 {[%clk 0:03:04]} 7. exd5 {[%clk 0:02:58]} Nf6 {[%clk 0:03:04]} 8.
Nf4 {[%clk 0:02:53]} b4 {[%clk 0:03:04]} 9. Ne4 {[%clk 0:02:45]} Nxe4 {[%clk
0:02:46]} 10. dxe4 {[%clk 0:02:44]} exd5 {[%clk 0:02:44]} 11. Nxd5 {[%clk
0:02:41]} Bd6 {[%clk 0:02:37]} 12. O-O {[%clk 0:02:33]} O-O {[%clk 0:02:29]} 13.
c4 {[%clk 0:02:25]} Nd7 {[%clk 0:02:30]} 14. Be3 {[%clk 0:02:09]} Ne5 {[%clk
0:02:19]} 15. b3 {[%clk 0:02:08]} Nc6 {[%clk 0:02:12]} 16. f4 {[%clk 0:02:03]} f6
{[%clk 0:02:01]} 17. Kh1 {[%clk 0:02:04]} Re8 {[%clk 0:02:00]} 18. Qd2 {[%clk
0:02:02]} Ne7 {[%clk 0:01:51]} 19. Qf2 {[%clk 0:01:50]} Nxd5 {[%clk 0:01:38]} 20.
cxd5 {[%clk 0:01:50]} Qe7 {[%clk 0:01:31]} 21. Rfd1 {[%clk 0:01:36]} a5 {[%clk
0:01:26]} 22. Rac1 {[%clk 0:01:28]} Rac8 {[%clk 0:01:26]} 23. Rc2 {[%clk
0:01:14]} Ba6 {[%clk 0:01:21]} 24. Qd2 {[%clk 0:01:02]} Bb5 {[%clk 0:01:17]} 25.
Rdc1 {[%clk 0:00:54]} a4 {[%clk 0:01:07]} 26. h3 {[%clk 0:00:35]} Rc7 {[%clk
0:00:45]} 27. Kh2 {[%clk 0:00:33]} Rec8 {[%clk 0:00:44]} 28. Bf2 {[%clk 0:00:19]}
Ra8 {[%clk 0:00:33]} 29. Qe1 {[%clk 0:00:10]} axb3 {[%clk 0:00:31]} 30. axb3
{[%clk 0:00:11]} Ra3 {[%clk 0:00:31]} 31. Rb2 {[%clk 0:00:10]} Rca7 {[%clk
0:00:29]} 32. Qe3 {[%clk 0:00:07]} Ra2 {[%clk 0:00:26]} 33. Rcc2 {[%clk 0:00:06]}
Ra1 {[%clk 0:00:23]} 34. Qd2 {[%clk 0:00:06]} Qc7 {[%clk 0:00:07]} 35. Ra2 {[%clk
0:00:04]} R1xa2 {[%clk 0:00:07]} 36. Rxa2 {[%clk 0:00:05]} Qb6 {[%clk 0:00:08]}
37. Rxa7 {[%clk 0:00:06]} Qxa7 {[%clk 0:00:09]} 38. Qb2 {[%clk 0:00:04]} Qa6
{[%clk 0:00:07]} 39. e5 {[%clk 0:00:04]} fxe5 {[%clk 0:00:05]} 40. fxe5 {[%clk
0:00:05]} Bf8 {[%clk 0:00:05]} 41. d6 {[%clk 0:00:06]} Bc6 {[%clk 0:00:04]} 42.
Qd2 {[%clk 0:00:05]} Qb7 43. Bxc6 {[%clk 0:00:05]} Qxc6 {[%clk 0:00:06]} 44. d7
{[%clk 0:00:07]} Be7 {[%clk 0:00:05]} 45. d8=Q+ {[%clk 0:00:06]} Bxd8 {[%clk
0:00:06]} 46. Qxd8+ {[%clk 0:00:07]} Kf7 {[%clk 0:00:08]} 47. Qd2 {[%clk
0:00:05]} Qe4 48. Qf4+ {[%clk 0:00:06]} Qxf4 {[%clk 0:00:07]} 49. gxf4 {[%clk
0:00:07]} Ke6 {[%clk 0:00:07]} 50. Bxc5 {[%clk 0:00:08]}  1-0

[Event "Deutsche Blitz-Einzelmeisterschaft der Frauen 2021"]
[Site "Magdeburg"]
[Date "2021.08.01"]
[Round "7"]
[Board "8"]
[White "Skogvall, Martina"]
[Black "Michna, Marta"]
[Result "0-1"]
[WhiteElo "2014"]
[BlackElo "2416"]
[PlyCount "0"]
[EventDate "2021.08.01"]
[EventRounds "21"]
[EventCountry "GER"]

1. e4 {[%clk 0:03:04]} e6 {[%clk 0:03:03]} 2. d4 {[%clk 0:03:04]} d5 {[%clk
0:03:04]} 3. e5 {[%clk 0:03:05]} b6 {[%clk 0:02:55]} 4. Nf3 {[%clk 0:03:04]} Qd7
{[%clk 0:03:05]} 5. Bd3 {[%clk 0:02:58]} Ba6 {[%clk 0:03:06]} 6. O-O {[%clk
0:02:55]} h6 {[%clk 0:02:58]} 7. b3 {[%clk 0:02:32]} Ne7 {[%clk 0:02:36]} 8. c4
{[%clk 0:02:08]} Nec6 {[%clk 0:02:13]} 9. Nc3 {[%clk 0:01:53]} dxc4 {[%clk
0:01:59]} 10. bxc4 {[%clk 0:01:40]} Be7 {[%clk 0:01:38]} 11. d5 {[%clk 0:01:29]}
Na5 {[%clk 0:01:37]} 12. Qe2 {[%clk 0:00:42]} exd5 {[%clk 0:01:12]} 13. Nxd5
{[%clk 0:00:34]} Nbc6 {[%clk 0:01:00]} 14. Bb2 {[%clk 0:00:31]} Nd8 {[%clk
0:00:57]} 15. Rfe1 {[%clk 0:00:28]} Ne6 {[%clk 0:00:48]} 16. Qe4 {[%clk 0:00:12]}
Bb7 {[%clk 0:00:53]} 17. Bc3 {[%clk 0:00:08]} Nc6 {[%clk 0:00:50]} 18. Qg4 {[%clk
0:00:03]} O-O-O {[%clk 0:00:49]} 19. a4 {[%clk 0:00:03]}  0-1

[Event "Deutsche Blitz-Einzelmeisterschaft der Frauen 2021"]
[Site "Magdeburg"]
[Date "2021.08.01"]
[Round "7"]
[Board "9"]
[White "Zeller, Elisa"]
[Black "Zimmer, Elke"]
[Result "0-1"]
[WhiteElo "1917"]
[BlackElo "1872"]
[PlyCount "0"]
[EventDate "2021.08.01"]
[EventRounds "21"]
[EventCountry "GER"]

1. e4 {[%clk 0:03:03]} d6 {[%clk 0:03:03]} 2. d4 {[%clk 0:03:04]} Nc6 {[%clk
0:03:03]} 3. Nf3 {[%clk 0:03:03]} g6 {[%clk 0:03:03]} 4. Bc4 {[%clk 0:03:04]} Bg7
{[%clk 0:03:03]} 5. O-O {[%clk 0:03:04]} e6 {[%clk 0:02:58]} 6. c3 {[%clk
0:03:04]} Nf6 {[%clk 0:02:55]} 7. Re1 {[%clk 0:03:03]} O-O {[%clk 0:02:54]} 8.
Bg5 {[%clk 0:02:55]} h6 {[%clk 0:02:56]} 9. Bh4 {[%clk 0:02:55]} e5 {[%clk
0:02:48]} 10. dxe5 {[%clk 0:02:59]} dxe5 {[%clk 0:02:42]} 11. Na3 {[%clk
0:02:45]} Qxd1 {[%clk 0:02:39]} 12. Raxd1 {[%clk 0:02:46]} Bg4 {[%clk 0:02:40]}
13. Bg3 {[%clk 0:02:23]} a6 {[%clk 0:02:38]} 14. Nc2 {[%clk 0:02:23]} Rad8 {[%clk
0:02:38]} 15. Rxd8 {[%clk 0:01:59]} Rxd8 {[%clk 0:02:39]} 16. Nxe5 {[%clk
0:01:45]} Nxe5 {[%clk 0:01:49]} 17. Bxe5 {[%clk 0:01:45]} Rd2 {[%clk 0:01:50]}
18. Bxf6 {[%clk 0:01:36]} Bxf6 {[%clk 0:01:50]} 19. Ne3 {[%clk 0:01:37]} Bd7
{[%clk 0:01:27]} 20. Rd1 {[%clk 0:01:24]} Rxd1+ {[%clk 0:01:27]} 21. Nxd1 {[%clk
0:01:25]} b5 {[%clk 0:01:28]} 22. Bb3 {[%clk 0:01:26]} c5 {[%clk 0:01:28]} 23.
Ne3 {[%clk 0:01:20]} c4 {[%clk 0:01:27]} 24. Bd1 {[%clk 0:01:18]} Bg5 {[%clk
0:01:21]} 25. Nd5 {[%clk 0:01:16]} Kg7 {[%clk 0:01:12]} 26. Bf3 {[%clk 0:01:14]}
Bc1 {[%clk 0:01:10]} 27. b3 {[%clk 0:01:14]} cxb3 {[%clk 0:01:07]} 28. axb3
{[%clk 0:01:15]} Bb2 {[%clk 0:01:07]} 29. c4 {[%clk 0:01:02]} bxc4 {[%clk
0:01:07]} 30. bxc4 {[%clk 0:01:04]} Bd4 {[%clk 0:01:02]} 31. Bd1 {[%clk 0:01:02]}
a5 {[%clk 0:01:03]} 32. Kf1 {[%clk 0:01:01]} a4 {[%clk 0:01:05]} 33. Nb4 {[%clk
0:00:58]} Be6 {[%clk 0:00:56]} 34. Nd5 {[%clk 0:00:51]} a3 {[%clk 0:00:55]} 35.
Bb3 {[%clk 0:00:57]} f5 {[%clk 0:00:48]} 36. exf5 {[%clk 0:00:58]} Bxf5 {[%clk
0:00:46]} 37. Nb4 {[%clk 0:00:53]} Bc3 {[%clk 0:00:46]} 38. Na2 {[%clk 0:00:49]}
Bd3+ {[%clk 0:00:41]} 39. Kg1 {[%clk 0:00:50]} Ba5 {[%clk 0:00:40]} 40. g3 {[%clk
0:00:49]} Kf6 {[%clk 0:00:41]} 41. Kg2 {[%clk 0:00:50]} Ke5 {[%clk 0:00:42]} 42.
Kf3 {[%clk 0:00:47]} Kd4 {[%clk 0:00:41]} 43. Nc1 {[%clk 0:00:44]} Bxc4 {[%clk
0:00:38]} 44. Bxc4 {[%clk 0:00:43]} Kxc4 {[%clk 0:00:39]} 45. Ke4 {[%clk
0:00:44]} Bd2 {[%clk 0:00:30]} 46. Na2 {[%clk 0:00:39]} Be1 {[%clk 0:00:31]} 47.
f4 {[%clk 0:00:40]} Bd2 {[%clk 0:00:19]} 48. f5 {[%clk 0:00:37]} gxf5+ {[%clk
0:00:20]} 49. Kxf5 {[%clk 0:00:38]} Kb3 {[%clk 0:00:21]} 50. Ke4 {[%clk 0:00:38]}
 0-1

[Event "Deutsche Blitz-Einzelmeisterschaft der Frauen 2021"]
[Site "Magdeburg"]
[Date "2021.08.01"]
[Round "7"]
[Board "11"]
[White "Zschischang, Marine"]
[Black "Mader, Lena"]
[Result "1/2-1/2"]
[WhiteElo "2034"]
[BlackElo "1689"]
[PlyCount "0"]
[EventDate "2021.08.01"]
[EventRounds "21"]
[EventCountry "GER"]

1. d4 {[%clk 0:03:03]} Nf6 {[%clk 0:03:03]} 2. Nf3 {[%clk 0:03:04]} g6 {[%clk
0:03:04]} 3. Nc3 {[%clk 0:02:56]} Bg7 {[%clk 0:03:04]} 4. e4 {[%clk 0:03:05]} d6
{[%clk 0:03:07]} 5. Be3 {[%clk 0:03:06]} O-O {[%clk 0:03:08]} 6. Qd2 {[%clk
0:03:07]} Ng4 {[%clk 0:03:08]} 7. Bg5 {[%clk 0:03:08]} f6 {[%clk 0:02:53]} 8. Bh4
{[%clk 0:03:09]} e5 {[%clk 0:02:50]} 9. Bc4+ {[%clk 0:02:58]} Kh8 {[%clk
0:02:51]} 10. h3 {[%clk 0:02:59]} Nh6 {[%clk 0:02:51]} 11. g4 {[%clk 0:02:59]}
Nf7 {[%clk 0:02:42]} 12. Bxf7 {[%clk 0:02:48]} Rxf7 {[%clk 0:02:43]} 13. dxe5
{[%clk 0:02:49]} Qe8 {[%clk 0:02:37]} 14. exd6 {[%clk 0:02:41]} cxd6 {[%clk
0:02:28]} 15. Qxd6 {[%clk 0:02:26]} Nc6 {[%clk 0:02:17]} 16. O-O {[%clk 0:02:01]}
Be6 {[%clk 0:02:04]} 17. a3 {[%clk 0:01:43]} Rd8 {[%clk 0:01:56]} 18. Qc5 {[%clk
0:01:43]} b6 {[%clk 0:01:52]} 19. Qe3 {[%clk 0:01:43]} Bc4 {[%clk 0:01:33]} 20.
Rfd1 {[%clk 0:01:43]} Rfd7 {[%clk 0:01:22]} 21. Rxd7 {[%clk 0:01:43]} Rxd7 {[%clk
0:01:23]} 22. Rd1 {[%clk 0:01:41]} Re7 {[%clk 0:01:24]} 23. Nd4 {[%clk 0:01:28]}
Ne5 {[%clk 0:01:18]} 24. f4 {[%clk 0:01:20]} Nf7 {[%clk 0:01:08]} 25. e5 {[%clk
0:01:09]} g5 {[%clk 0:01:01]} 26. exf6 {[%clk 0:00:59]} Rxe3 {[%clk 0:00:56]} 27.
fxg7+ {[%clk 0:00:58]} Kxg7 {[%clk 0:00:57]} 28. Nf5+ {[%clk 0:00:57]} Kg8 {[%clk
0:00:49]} 29. Nxe3 {[%clk 0:00:46]} Qxe3+ {[%clk 0:00:50]} 30. Bf2 {[%clk
0:00:47]} Qxf4 {[%clk 0:00:47]} 31. Kg2 {[%clk 0:00:34]} Ba6 {[%clk 0:00:41]} 32.
Rd7 {[%clk 0:00:28]} h5 {[%clk 0:00:27]} 33. Rxa7 {[%clk 0:00:23]} Bc4 {[%clk
0:00:27]} 34. gxh5 {[%clk 0:00:16]} g4 {[%clk 0:00:25]} 35. Ra8+ {[%clk 0:00:09]}
Kg7 {[%clk 0:00:24]} 36. hxg4 {[%clk 0:00:05]} Qxg4+ {[%clk 0:00:25]} 37. Bg3
{[%clk 0:00:05]} Qxh5 {[%clk 0:00:22]} 38. Rb8 {[%clk 0:00:05]} b5 {[%clk
0:00:13]} 39. a4 {[%clk 0:00:03]} Qg5 {[%clk 0:00:15]} 40. axb5 {[%clk 0:00:03]}
Bd5+ {[%clk 0:00:11]} 41. Nxd5 {[%clk 0:00:03]} Qxd5+ {[%clk 0:00:12]} 42. Kh3
{[%clk 0:00:04]} Qe6+ {[%clk 0:00:12]} 43. Kh2 {[%clk 0:00:05]} Qe2+ {[%clk
0:00:13]} 44. Kg1 {[%clk 0:00:06]} Qxc2 {[%clk 0:00:13]} 45. b6 Qxb2 {[%clk
0:00:14]} 46. b7 {[%clk 0:00:07]} Qb6+ {[%clk 0:00:15]} 47. Kh2 {[%clk 0:00:07]}
Qb2+ {[%clk 0:00:16]} 48. Kg1 {[%clk 0:00:08]} Qd4+ {[%clk 0:00:15]} 49. Bf2
{[%clk 0:00:07]} Qg4+ {[%clk 0:00:06]} 50. Kh2 {[%clk 0:00:07]} Qf4+ {[%clk
0:00:16]} 51. Bg3 {[%clk 0:00:08]} Qd2+ {[%clk 0:00:16]} 52. Kg1 {[%clk 0:00:09]}
Qd4+ {[%clk 0:00:17]} 53. Kh2 {[%clk 0:00:10]} Qb2+ {[%clk 0:00:14]} 54. Kh1
{[%clk 0:00:09]} Qc1+ {[%clk 0:00:12]} 55. Kg2 {[%clk 0:00:10]} Qd2+ {[%clk
0:00:12]} 56. Bf2 {[%clk 0:00:10]} Qd5+ {[%clk 0:00:13]} 57. Kg1 {[%clk 0:00:11]}
Nd6 {[%clk 0:00:11]} 58. Bg3 {[%clk 0:00:06]} Qd4+ {[%clk 0:00:10]} 59. Kh2
{[%clk 0:00:07]} Qd2+ {[%clk 0:00:11]} 60. Kh1 {[%clk 0:00:05]} Qd5+ {[%clk
0:00:12]} 61. Kh2 {[%clk 0:00:06]} Qa2+ {[%clk 0:00:04]} 62. Kh3 {[%clk 0:00:07]}
Qe6+ {[%clk 0:00:13]} 63. Kh2 {[%clk 0:00:08]} Qe2+ {[%clk 0:00:14]} 64. Kh3
{[%clk 0:00:08]} Qe6+ {[%clk 0:00:13]} 65. Kh2 {[%clk 0:00:09]} Qa2+ {[%clk
0:00:13]} 66. Kg1 {[%clk 0:00:10]} Qb1+ {[%clk 0:00:14]} 67. Kh2 {[%clk 0:00:11]}
Nxb7 {[%clk 0:00:15]} 68. Be5+ {[%clk 0:00:11]} Kf7 {[%clk 0:00:16]} 69. Bg3
{[%clk 0:00:02]} Qc2+ {[%clk 0:00:16]} 70. Kh3 {[%clk 0:00:12]} Qc6 {[%clk
0:00:12]} 71. Kh2 {[%clk 0:00:10]} Qc2+ {[%clk 0:00:12]} 72. Kh3 {[%clk 0:00:11]}
Na5 {[%clk 0:00:13]} 73. Ra8 {[%clk 0:00:07]} Nb3 {[%clk 0:00:13]} 74. Ra7+
{[%clk 0:00:08]} Kg6 {[%clk 0:00:14]} 75. Ra6+ {[%clk 0:00:08]} Kh7 {[%clk
0:00:15]} 76. Ra7+ {[%clk 0:00:09]} Kg6 {[%clk 0:00:16]} 77. Ra6+ {[%clk
0:00:10]} Kf5 {[%clk 0:00:17]} 78. Rd6 {[%clk 0:00:08]} Qe4 {[%clk 0:00:15]} 79.
Rd8 {[%clk 0:00:05]} Qg4+ {[%clk 0:00:16]} 80. Kg2 {[%clk 0:00:06]} Nc5 {[%clk
0:00:14]} 81. Rf8+ {[%clk 0:00:07]} Kg6 {[%clk 0:00:15]} 82. Rg8+ {[%clk
0:00:07]} Kf5 {[%clk 0:00:16]} 83. Rxg4 {[%clk 0:00:07]} Kxg4 {[%clk 0:00:07]}
 1/2-1/2

[Event "Deutsche Blitz-Einzelmeisterschaft der Frauen 2021"]
[Site "Magdeburg"]
[Date "2021.08.01"]
[Round "8"]
[Board "1"]
[White "Wulf, Constanze"]
[Black "Mader, Lena"]
[Result "1-0"]
[WhiteElo "1817"]
[BlackElo "1689"]
[PlyCount "0"]
[EventDate "2021.08.01"]
[EventRounds "21"]
[EventCountry "GER"]

1. e4 {[%clk 0:03:03]} c6 {[%clk 0:03:04]} 2. d4 {[%clk 0:02:58]} d5 {[%clk
0:03:06]} 3. exd5 {[%clk 0:02:59]} cxd5 {[%clk 0:03:07]} 4. Bd3 {[%clk 0:02:56]}
Nc6 {[%clk 0:03:08]} 5. c3 {[%clk 0:02:56]} Nf6 {[%clk 0:03:09]} 6. h3 {[%clk
0:02:39]} e5 {[%clk 0:03:07]} 7. dxe5 {[%clk 0:02:31]} Nxe5 {[%clk 0:03:08]} 8.
Bb5+ {[%clk 0:02:26]} Bd7 {[%clk 0:03:05]} 9. Bxd7+ {[%clk 0:02:12]} Qxd7 {[%clk
0:03:06]} 10. Qe2 {[%clk 0:02:07]} Qe6 {[%clk 0:02:55]} 11. Bf4 {[%clk 0:01:41]}
Bd6 {[%clk 0:02:27]} 12. Nd2 {[%clk 0:01:33]} O-O {[%clk 0:02:23]} 13. Bxe5
{[%clk 0:01:29]} Qxe5 {[%clk 0:02:19]} 14. Qxe5 {[%clk 0:01:24]} Bxe5 {[%clk
0:02:20]} 15. Ngf3 {[%clk 0:01:24]} Bf4 {[%clk 0:02:14]} 16. O-O {[%clk 0:01:24]}
Bxd2 {[%clk 0:01:58]} 17. Nxd2 {[%clk 0:01:25]} Rfe8 {[%clk 0:01:59]} 18. Rfe1
{[%clk 0:01:25]} Kf8 {[%clk 0:01:53]} 19. Kf1 {[%clk 0:01:18]} h6 {[%clk
0:01:54]} 20. Rxe8+ {[%clk 0:01:17]} Rxe8 {[%clk 0:01:55]} 21. Rd1 {[%clk
0:01:07]} Ke7 {[%clk 0:01:39]} 22. Nb3 {[%clk 0:00:58]} Kd6 {[%clk 0:01:17]} 23.
Nd4 {[%clk 0:01:08]} a6 {[%clk 0:00:59]} 24. Nf5+ {[%clk 0:01:09]} Kc6 {[%clk
0:01:13]} 25. Nxg7 {[%clk 0:01:03]} Re5 {[%clk 0:01:05]} 26. Re1 {[%clk 0:00:35]}
Kd6 {[%clk 0:00:55]} 27. g4 {[%clk 0:00:19]} Rxe1+ {[%clk 0:00:15]} 28. Kxe1
{[%clk 0:00:20]} Ne4 {[%clk 0:00:11]} 29. Nf5+ {[%clk 0:00:18]}  1-0

[Event "Deutsche Blitz-Einzelmeisterschaft der Frauen 2021"]
[Site "Magdeburg"]
[Date "2021.08.01"]
[Round "8"]
[Board "2"]
[White "Schneider, Birgit"]
[Black "Zschischang, Marine"]
[Result "1-0"]
[WhiteElo "1993"]
[BlackElo "2034"]
[PlyCount "0"]
[EventDate "2021.08.01"]
[EventRounds "21"]
[EventCountry "GER"]

1. e4 {[%clk 0:03:02]} e6 {[%clk 0:03:04]} 2. d4 {[%clk 0:03:03]} d5 {[%clk
0:03:05]} 3. e5 {[%clk 0:03:04]} c5 {[%clk 0:03:06]} 4. c3 {[%clk 0:03:05]} Nc6
{[%clk 0:03:07]} 5. Nf3 {[%clk 0:03:06]} Qb6 {[%clk 0:03:09]} 6. a3 {[%clk
0:03:07]} c4 {[%clk 0:03:10]} 7. Nbd2 {[%clk 0:03:06]} Na5 {[%clk 0:03:11]} 8.
Be2 {[%clk 0:03:06]} Bd7 {[%clk 0:03:12]} 9. O-O {[%clk 0:03:06]} Ne7 {[%clk
0:03:11]} 10. Qe1 {[%clk 0:03:00]} Nc8 {[%clk 0:03:09]} 11. Bd1 {[%clk 0:02:59]}
Qc7 {[%clk 0:03:00]} 12. Qe3 {[%clk 0:02:31]} Nb6 {[%clk 0:03:02]} 13. b3 {[%clk
0:02:27]} cxb3 {[%clk 0:02:53]} 14. Nxb3 {[%clk 0:02:26]} Nxb3 {[%clk 0:02:46]}
15. Bxb3 {[%clk 0:02:25]} Bb5 {[%clk 0:02:29]} 16. Rd1 {[%clk 0:02:19]} Nc4
{[%clk 0:02:28]} 17. Qe1 {[%clk 0:01:59]} Be7 {[%clk 0:02:19]} 18. a4 {[%clk
0:01:48]} Ba6 {[%clk 0:02:20]} 19. Bd2 {[%clk 0:01:40]} Rc8 {[%clk 0:02:15]} 20.
Rdc1 {[%clk 0:01:33]} O-O {[%clk 0:01:44]} 21. Bg5 {[%clk 0:01:32]} Bxg5 {[%clk
0:01:39]} 22. Nxg5 {[%clk 0:01:32]} h6 {[%clk 0:01:40]} 23. Nf3 {[%clk 0:01:34]}
Kh8 {[%clk 0:01:10]} 24. h3 {[%clk 0:01:20]} Nb2 {[%clk 0:01:01]} 25. Qd2 {[%clk
0:00:57]} Nc4 {[%clk 0:00:50]} 26. Qe1 {[%clk 0:00:50]} Qa5 {[%clk 0:00:36]} 27.
Nd2 {[%clk 0:00:35]} Rc7 {[%clk 0:00:23]} 28. Rcb1 {[%clk 0:00:36]} Nxd2 {[%clk
0:00:21]} 29. Qxd2 {[%clk 0:00:37]} Qxc3 {[%clk 0:00:20]} 30. Qf4 {[%clk
0:00:24]} Qd3 {[%clk 0:00:16]} 31. Bd1 {[%clk 0:00:06]} Rc4  1-0

[Event "Deutsche Blitz-Einzelmeisterschaft der Frauen 2021"]
[Site "Magdeburg"]
[Date "2021.08.01"]
[Round "8"]
[Board "4"]
[White "Michna, Marta"]
[Black "Zeller, Elisa"]
[Result "1-0"]
[WhiteElo "2416"]
[BlackElo "1917"]
[PlyCount "0"]
[EventDate "2021.08.01"]
[EventRounds "21"]
[EventCountry "GER"]

1. d4 {[%clk 0:03:03]} d5 {[%clk 0:03:03]} 2. Bf4 {[%clk 0:03:04]} Nf6 {[%clk
0:03:02]} 3. e3 {[%clk 0:03:05]} e6 {[%clk 0:02:59]} 4. c3 {[%clk 0:03:03]} c5
{[%clk 0:02:58]} 5. Nd2 {[%clk 0:03:04]} Nc6 {[%clk 0:02:59]} 6. Ngf3 {[%clk
0:02:55]} Be7 {[%clk 0:02:57]} 7. Bd3 {[%clk 0:03:03]} c4 {[%clk 0:02:57]} 8. Bc2
{[%clk 0:03:04]} O-O {[%clk 0:02:57]} 9. h3 {[%clk 0:02:57]} Bd6 {[%clk 0:02:56]}
10. Ne5 {[%clk 0:02:35]} Qc7 {[%clk 0:02:30]} 11. Nxc6 {[%clk 0:02:25]} bxc6
{[%clk 0:02:28]} 12. Bg5 {[%clk 0:02:03]} Be7 {[%clk 0:02:29]} 13. O-O {[%clk
0:01:57]} h6 {[%clk 0:02:08]} 14. Bh4 {[%clk 0:01:55]} e5 {[%clk 0:01:50]} 15.
Bg3 {[%clk 0:01:31]} Bd6 {[%clk 0:01:51]} 16. dxe5 {[%clk 0:01:15]} Bxe5 {[%clk
0:01:51]} 17. Bxe5 {[%clk 0:01:16]} Qxe5 {[%clk 0:01:42]} 18. Nf3 {[%clk
0:01:18]} Qe7 {[%clk 0:01:43]} 19. Qd4 {[%clk 0:01:16]} Re8 {[%clk 0:01:30]} 20.
b3 {[%clk 0:01:05]} cxb3 {[%clk 0:01:30]} 21. axb3 {[%clk 0:01:06]} c5 {[%clk
0:01:20]} 22. Qd3 {[%clk 0:01:06]} Bb7 {[%clk 0:01:16]} 23. Rfd1 {[%clk 0:01:02]}
a5 {[%clk 0:00:36]} 24. Qb5 {[%clk 0:00:53]} Qc7 {[%clk 0:00:33]} 25. Ra2 {[%clk
0:00:37]} Ba6 {[%clk 0:00:18]} 26. Qxa5 {[%clk 0:00:37]} Qxa5 {[%clk 0:00:19]}
27. Rxa5 {[%clk 0:00:38]} Be2 {[%clk 0:00:20]} 28. Rxa8 {[%clk 0:00:39]} Rxa8
{[%clk 0:00:21]} 29. Re1 {[%clk 0:00:34]} Bxf3 {[%clk 0:00:22]} 30. gxf3 {[%clk
0:00:35]} Ra2 {[%clk 0:00:21]} 31. Rc1 {[%clk 0:00:30]} Kf8 {[%clk 0:00:20]} 32.
Kf1 {[%clk 0:00:24]} Ke7 {[%clk 0:00:22]} 33. Bd3 {[%clk 0:00:22]} Rb2 {[%clk
0:00:14]} 34. Rb1 {[%clk 0:00:22]} Ra2 {[%clk 0:00:16]} 35. c4 {[%clk 0:00:23]}
dxc4 {[%clk 0:00:08]} 36. Bxc4 {[%clk 0:00:22]} Nd7 {[%clk 0:00:14]} 37. f4
{[%clk 0:00:23]} Nb6 {[%clk 0:00:14]} 38. Rc1 {[%clk 0:00:25]} f6 {[%clk
0:00:12]} 39. Bg8 {[%clk 0:00:26]} Kd6 {[%clk 0:00:12]} 40. Kg2 {[%clk 0:00:17]}
Nd5 {[%clk 0:00:11]} 41. Rd1 {[%clk 0:00:17]}  1-0